| 000 | 01237nam0a2200313 i 4500 | ||
|---|---|---|---|
| 001 | RU\NLR\BIBL_A\011336756 | ||
| 005 | 20260405192843.0 | ||
| 010 |
_a9785919214960 _95000 |
||
| 021 |
_aRU _b2017-6837 _9496 |
||
| 035 | _a(NLR Aleph) 011336756 | ||
| 090 |
_a11166383 _c11166383 |
||
| 100 | _a20170302d2017 u y0rusy50 ca | ||
| 101 | 1 |
_arus _cger |
|
| 102 | _aRU | ||
| 105 | _aa z 000ay | ||
| 200 | 1 |
_aПриключения белого медвежонка _e[для чтения взрослыми детям] _fХанс де Беер _g[пер. с нем. Натальи Ерофеевой _gрисунки автора] |
|
| 210 |
_aМосква _cЭНАС-КНИГА _d2017 |
||
| 215 |
_a[26] с. _cцв. ил. _d28 |
||
| 225 | 1 | _aКнижка-улыбка | |
| 333 | _a0+ | ||
| 686 | 0 | _aШ9(4Н)60-4 | |
| 700 | 1 |
_7ca _8rus _aБеер _bХ. де _cписатель, художник _f1957- _gХанс де _967649 _3RU\NLR\AUTH\7784721 |
|
| 702 | 1 |
_4440 _7ca _8rus _aБеер _bХ. де _cписатель, художник _f1957- _gХанс де _967649 _3RU\NLR\AUTH\7784721 |
|
| 942 | _cBOOK | ||
| 980 | _aNBR | ||